<?xml version="1.0" encoding="UTF-8"?>
<record
    xmlns:xsi="http://www.w3.org/2001/XMLSchema-instance"
    xsi:schemaLocation="http://www.loc.gov/MARC21/slim http://www.loc.gov/standards/marcxml/schema/MARC21slim.xsd"
    xmlns="http://www.loc.gov/MARC21/slim">

  <leader>01330cam a2200313 a 4500</leader>
  <controlfield tag="001">5279626</controlfield>
  <controlfield tag="005">20180110073307.0</controlfield>
  <controlfield tag="008">950803s1994    ja a     bc   000 0 jpn d</controlfield>
  <datafield tag="010" ind1=" " ind2=" ">
    <subfield code="a">   95840289 </subfield>
  </datafield>
  <datafield tag="035" ind1=" " ind2=" ">
    <subfield code="a">(CStRLIN)DCLP95-B15917</subfield>
  </datafield>
  <datafield tag="040" ind1=" " ind2=" ">
    <subfield code="a">KU</subfield>
    <subfield code="c">KU</subfield>
    <subfield code="d">MiU-A</subfield>
    <subfield code="d">DLC-R</subfield>
    <subfield code="d">DLC</subfield>
  </datafield>
  <datafield tag="041" ind1="0" ind2=" ">
    <subfield code="a">jpneng</subfield>
  </datafield>
  <datafield tag="042" ind1=" " ind2=" ">
    <subfield code="a">lccopycat</subfield>
  </datafield>
  <datafield tag="066" ind1=" " ind2=" ">
    <subfield code="c">$1</subfield>
  </datafield>
  <datafield tag="080" ind1=" " ind2=" ">
    <subfield code="a">7   CLA</subfield>
  </datafield>
  <datafield tag="082" ind1=" " ind2=" ">
    <subfield code="2">7   CLA</subfield>
  </datafield>
  <datafield tag="100" ind1="1" ind2=" ">
    <subfield code="a">44</subfield>
  </datafield>
  <datafield tag="101" ind1=" " ind2=" ">
    <subfield code="a">ART</subfield>
  </datafield>
  <datafield tag="245" ind1="1" ind2="0">
    <subfield code="6">880-01</subfield>
    <subfield code="a">Mone ten =</subfield>
    <subfield code="c">shusai Ishibashi Zaidan Burijisuton Bijutsukan ... [et al.] ; [hensh&#x16B; Ishibashi Zaidan Burijisuton Bijutsukan, Nagoya-shi Bijutsukan ; tekisuto P&#x14D;ru Heizu Takka&#x101; ... [et al.]].</subfield>
  </datafield>
  <datafield tag="246" ind1="3" ind2="1">
    <subfield code="a">Monet, a retrospective</subfield>
  </datafield>
  <datafield tag="504" ind1=" " ind2=" ">
    <subfield code="a">Includes bibliographical references (p. 278-297).</subfield>
  </datafield>
  <datafield tag="880" ind1="1" ind2="0">
    <subfield code="6">245-01/$1</subfield>
    <subfield code="a">&#x30E2;&#x30CD;&#x5C55; =</subfield>
    <subfield code="b">Monet, a retrospective /</subfield>
    <subfield code="c">&#x4E3B;&#x50AC;&#x77F3;&#x6A4B;&#x8CA1;&#x56E3;&#x30D6;&#x30EA;&#x30C2;&#x30B9;&#x30C8;&#x30F3;&#x7F8E;&#x8853;&#x9928; ... [et al.] ; [&#x7DE8;&#x96C6;&#x77F3;&#x6A4B;&#x8CA1;&#x56E3;&#x30D6;&#x30EA;&#x30C2;&#x30B9;&#x30C8;&#x30F3;&#x7F8E;&#x8853;&#x9928;, &#x540D;&#x53E4;&#x5C4B;&#x5E02;&#x7F8E;&#x8853;&#x9928; ; &#x30C6;&#x30AD;&#x30B9;&#x30C8;&#x30DD;&#x30FC;&#x30EB;&#x30D8;&#x30A4;&#x30BA;&#x30BF;&#x30C3;&#x30AB;&#x30FC; ... [et al.]].</subfield>
  </datafield>
  <datafield tag="880" ind1=" " ind2=" ">
    <subfield code="6">260-02/$1</subfield>
    <subfield code="a">&#x540D;&#x53E4;&#x5C4B;&#x5E02; :</subfield>
    <subfield code="b">&#x4E2D;&#x65E5;&#x65B0;&#x805E;&#x793E;,</subfield>
    <subfield code="c">1994.</subfield>
  </datafield>
  <datafield tag="880" ind1="2" ind2=" ">
    <subfield code="6">710-03/$1</subfield>
    <subfield code="a">&#x30D6;&#x30EA;&#x30B8;&#x30B9;&#x30C8;&#x30F3;&#x7F8E;&#x8853;&#x9928;.</subfield>
  </datafield>
  <datafield tag="880" ind1="2" ind2=" ">
    <subfield code="6">710-04/$1</subfield>
    <subfield code="a">&#x540D;&#x53E4;&#x5C4B;&#x5E02;&#x7F8E;&#x8853;&#x9928;.</subfield>
  </datafield>
  <datafield tag="880" ind1="2" ind2=" ">
    <subfield code="6">710-05/$1</subfield>
    <subfield code="a">&#x3072;&#x308D;&#x3057;&#x307E;&#x7F8E;&#x8853;&#x9928;.</subfield>
  </datafield>
  <datafield tag="906" ind1=" " ind2=" ">
    <subfield code="a">7</subfield>
    <subfield code="b">cbc</subfield>
    <subfield code="c">orignew</subfield>
    <subfield code="d">3</subfield>
    <subfield code="e">ncip</subfield>
    <subfield code="f">19</subfield>
    <subfield code="g">y-rlinjack</subfield>
  </datafield>
  <datafield tag="942" ind1=" " ind2=" ">
    <subfield code="2">ddc</subfield>
    <subfield code="c">BK</subfield>
  </datafield>
  <datafield tag="999" ind1=" " ind2=" ">
    <subfield code="c">39998</subfield>
    <subfield code="d">39998</subfield>
  </datafield>
</record>
